[Event "15th EUR-ch (w)"]
[Site "Plovdiv BUL"]
[Date "2014.07.08"]
[Round "3.53"]
[White "Vasova, Maria"]
[Black "Foisor, Mihaela-Veronica"]
[Result "0-1"]
[WhiteElo "1991"]
[BlackElo "2257"]
[EventDate "2014.07.06"]
[PlyCount "102"]

1.e4 e6 2.d4 d5 3.Nd2 Nf6 4.e5 Nfd7 5.f4 c5 6.c3 Nc6 7.Ndf3 cxd4 8.cxd4 
Qb6 9.g3 Bb4+ 10.Kf2 g5 11.Be3 g4 12.Nd2 f6 13.a3 fxe5 14.fxe5 Rf8+ 15.Kg2
Be7 16.Qb3 Qxb3 17.Nxb3 Nb6 18.Rc1 Bd7 19.Be2 Nc4 20.Bxc4 dxc4 21.Rxc4 Nd8
22.Ne2 Bc6+ 23.Rxc6 Nxc6 24.Nf4 Bg5 25.Nc5 Bxf4 26.Bxf4 Nxd4 27.Rd1 Rc8 
28.Nxb7 Rc2+ 29.Rd2 Rxd2+ 30.Bxd2 Nf5 31.Nc5 Kf7 32.Ne4 Rd8 33.Bc3 Ne3+ 
34.Kg1 Kg6 35.Nf6 Rd1+ 36.Kf2 Nd5 37.Nxg4 Nxc3 38.bxc3 Rc1 39.Ke3 Rxc3+ 
40.Kd4 Rxa3 41.Kc5 Kf5 42.Nf6 h6 43.Ng8 h5 44.Nf6 h4 45.gxh4 Kxe5 46.Ng8 
Kf5 47.Ne7+ Kg4 48.Kd6 a5 49.Kxe6 Re3+ 50.Kd6 Rxe7 51.Kxe7 a4 0-1

[Event "15th EUR-ch (w)"]
[Site "Plovdiv BUL"]
[Date "2014.07.08"]
[Round "3.54"]
[White "Sop, Selen"]
[Black "Dordzhieva, Dinara"]
[Result "0-1"]
[WhiteElo "1970"]
[BlackElo "2225"]
[EventDate "2014.07.06"]
[PlyCount "68"]

1.e4 c5 2.Nf3 d6 3.d4 Nf6 4.dxc5 Nxe4 5.cxd6 Nxd6 6.Be2 Nc6 7.O-O g6 8.Bf4
Bg7 9.c3 O-O 10.Bxd6 exd6 11.Nbd2 a6 12.Nb3 Qf6 13.Nfd4 h5 14.Qc2 Bd7 15.
Bf3 Rac8 16.Nxc6 bxc6 17.Qd3 h4 18.Qxa6 h3 19.Qd3 Rfe8 20.g3 c5 21.c4 Bf5 
22.Qd1 Bc2 23.Qd5 Re5 24.Qb7 Rce8 25.Bg4 Be4 26.Qc7 Bg2 27.Rfd1 R5e7 28.
Qa5 Qg5 29.Bxh3 Bxh3 30.Rd5 Qg4 31.f3 Qxc4 32.Rad1 Qe2 33.Qd2 Qxf3 34.Rd3 
Re1+ 0-1

[Event "15th EUR-ch (w)"]
[Site "Plovdiv BUL"]
[Date "2014.07.08"]
[Round "3.55"]
[White "Salimova, Nurgyul"]
[Black "Paramzina, Anastasia"]
[Result "1-0"]
[WhiteElo "1908"]
[BlackElo "2117"]
[EventDate "2014.07.06"]
[PlyCount "75"]

1.d4 d5 2.c4 e6 3.Nf3 Nf6 4.Nc3 Be7 5.Bg5 O-O 6.e3 Nbd7 7.cxd5 Nxd5 8.Bxe7
Qxe7 9.Bd3 Nxc3 10.bxc3 e5 11.Qc2 exd4 12.cxd4 Nf6 13.O-O c6 14.e4 h6 15.
Rfe1 Rd8 16.h3 Be6 17.Rad1 Rac8 18.Qb1 Qc7 19.Rd2 Nh5 20.Rb2 Rb8 21.Qc1 
Nf4 22.Bf1 Rdc8 23.Ne5 Nh5 24.Nd3 Qd6 25.g4 Qxd4 26.gxh5 c5 27.Qe3 Qd6 28.
Nf4 Bd7 29.Rd2 Qe7 30.Nd5 Qe8 31.Qg3 Kh8 32.Re3 b5 33.Qf4 Rc6 34.e5 Be6 
35.Nf6 Qe7 36.Qe4 gxf6 37.Qxc6 fxe5 38.Qd6 1-0

[Event "15th EUR-ch (w)"]
[Site "Plovdiv BUL"]
[Date "2014.07.08"]
[Round "3.56"]
[White "Sargsian, Shushanna"]
[Black "Shivacheva, Donika"]
[Result "1-0"]
[WhiteElo "2107"]
[BlackElo "1790"]
[EventDate "2014.07.06"]
[PlyCount "79"]

1.c4 Nc6 2.Nc3 e5 3.g3 g6 4.Bg2 Bg7 5.d3 d6 6.Rb1 a5 7.Nf3 f5 8.O-O Nge7 
9.a3 O-O 10.Bd2 Bd7 11.b4 axb4 12.axb4 Qc8 13.Qb3 Kh8 14.Rfc1 e4 15.dxe4 
fxe4 16.Nxe4 Bf5 17.Nh4 Nd4 18.Qd3 Bg4 19.Nf3 Nec6 20.Nxd4 Nxd4 21.f3 Bf5 
22.Bc3 Ra3 23.Kh1 Bxe4 24.fxe4 Rxc3 25.Rxc3 Nxe2 26.Ra3 Nd4 27.c5 dxc5 28.
bxc5 Rd8 29.Qc4 c6 30.Rd3 Qc7 31.Qb4 Nb5 32.Rbd1 Rxd3 33.Rxd3 h5 34.Qc4 
Qa5 35.h4 Qa1+ 36.Kh2 Qf6 37.Rd7 Nd4 38.Qf7 Qe5 39.Qxg6 Ne6 40.Re7 1-0

[Event "15th EUR-ch (w)"]
[Site "Plovdiv BUL"]
[Date "2014.07.08"]
[Round "3.57"]
[White "Vasileva, Cveta"]
[Black "Mareckova, Martina"]
[Result "0-1"]
[WhiteElo "1598"]
[BlackElo "2094"]
[EventDate "2014.07.06"]
[PlyCount "152"]

1.d4 Nf6 2.c4 c5 3.e3 cxd4 4.exd4 d5 5.Nc3 Nc6 6.cxd5 Nxd5 7.Bc4 Nb6 8.Bb5
e6 9.Nf3 Be7 10.Ne5 Bd7 11.O-O Nxe5 12.dxe5 Bxb5 13.Nxb5 a6 14.Nd6+ Bxd6 
15.Qxd6 Qxd6 16.exd6 Nd5 17.b3 Kd7 18.Bb2 f6 19.Ba3 Rac8 20.Rac1 Nc3 21.
Rc2 Nb5 22.Rxc8 Rxc8 23.Bb4 Rc2 24.Ra1 b6 25.f3 a5 26.Be1 Kxd6 27.a4 Nd4 
28.b4 Nc6 29.Rd1+ Ke7 30.bxa5 Nxa5 31.Bb4+ Ke8 32.Rd6 Rc6 33.Rd1 Rc4 34.
Rb1 Nb7 35.Be1 Rxa4 36.Rxb6 Nc5 37.Rb1 Kd7 38.Bb4 Nd3 39.Bf8 g6 40.Rd1 Rd4
41.Bg7 Ke7 42.Bh6 g5 43.g3 Ne5 44.Rf1 Nf7 45.Bg7 Nd6 46.Ra1 Nb7 47.Ra7 Rd7
48.h4 gxh4 49.gxh4 Kf7 50.Bh6 Kg6 51.Be3 e5 52.Kg2 Kh5 53.Kg3 Rg7+ 54.Kh3 
Kg6 55.Ra6 Kf5 56.h5 Rd7 57.Kg2 Nd8 58.Ra4 Ne6 59.Kg3 Rg7+ 60.Kh4 Rd7 61.
Ra3 Nc7 62.Ra7 Ke6 63.Bc5 Nd5 64.Ra6+ Kf5 65.Ra4 Nf4 66.Ra7 Rd3 67.Ra3 Rd1
68.Kg3 Nxh5+ 69.Kf2 Nf4 70.Be3 Rb1 71.Ra5 Rb2+ 72.Kf1 h5 73.Ra1 h4 74.Kg1 
h3 75.Kh1 Rb3 76.Re1 Ng2 0-1

[Event "15th EUR-ch (w)"]
[Site "Plovdiv BUL"]
[Date "2014.07.08"]
[Round "3.58"]
[White "Ivanova, Simoneta"]
[Black "Balimezova, Margarita"]
[Result "1-0"]
[WhiteElo "2038"]
[BlackElo "1631"]
[EventDate "2014.07.06"]
[PlyCount "91"]

1.d4 Nf6 2.c4 g6 3.Nc3 Bg7 4.e4 d6 5.Nf3 O-O 6.h3 e5 7.d5 Na6 8.Bg5 Qe8 9.
Be2 Nd7 10.Nd2 Ndc5 11.a3 Bd7 12.Nb5 f5 13.b4 Nxe4 14.Nxe4 fxe4 15.Be3 Qf7
16.O-O Bxb5 17.cxb5 Nb8 18.Bg4 Qe7 19.Qc2 a6 20.bxa6 Nxa6 21.Qxe4 Kh8 22.
Rfc1 b6 23.Rc3 Ra7 24.Rac1 Qh4 25.g3 Qd8 26.h4 Qf6 27.Kg2 h5 28.Be6 Kh7 
29.g4 hxg4 30.h5 Qf3+ 31.Qxf3 gxf3+ 32.Kg3 gxh5 33.Rc4 Bh6 34.Bxh6 Kxh6 
35.Rh1 Kg6 36.Rch4 Rh8 37.Bg4 Raa8 38.Rxh5 Rxh5 39.Rxh5 Kg7 40.Bxf3 Nb8 
41.Kg4 Rxa3 42.Be4 Kf6 43.Rh6+ Kg7 44.Kg5 Na6 45.Rh7+ Kf8 46.Kf6 1-0

[Event "15th EUR-ch (w)"]
[Site "Plovdiv BUL"]
[Date "2014.07.09"]
[Round "4.1"]
[White "Zhukova, Natalia"]
[Black "Dzagnidze, Nana"]
[Result "1/2-1/2"]
[WhiteElo "2451"]
[BlackElo "2541"]
[EventDate "2014.07.06"]
[PlyCount "110"]

1.d4 Nf6 2.c4 e6 3.Nf3 b6 4.Bf4 Bb7 5.e3 Nh5 6.Bg5 Be7 7.Bxe7 Qxe7 8.Nc3 
O-O 9.Be2 d6 10.O-O Nd7 11.Nd2 Nhf6 12.Bf3 Bxf3 13.Qxf3 c5 14.Rad1 cxd4 
15.exd4 Rfc8 16.Rfe1 a6 17.Qg3 Qf8 18.Rc1 Ra7 19.Nce4 Ne8 20.Qa3 h6 21.h3 
Raa8 22.Qb3 Qe7 23.Nf1 Qd8 24.Nfg3 Ra7 25.Rc3 Ndf6 26.Rec1 Rb8 27.d5 Nxe4 
28.Nxe4 e5 29.Ng3 Rc7 30.Qa4 Qc8 31.Qc2 Qd7 32.Nf5 Rbc8 33.Qe4 Kf8 34.Ne3 
Nf6 35.Qf3 b5 36.cxb5 Rxc3 37.Rxc3 Rxc3 38.bxc3 Qxb5 39.Qf5 Qc5 40.Qd3 a5 
41.Qa6 g6 42.Qc6 Qa3 43.Nc4 Qxc3 44.Qxd6+ Kg7 45.Nxe5 Qc1+ 46.Kh2 Qf4+ 47.
Kh1 Ne4 48.Qe7 Qc1+ 49.Kh2 Qf4+ 50.Kh1 Qxf2 51.Ng4 Qf1+ 52.Kh2 Qf4+ 53.Kg1
Qc1+ 54.Kh2 Qf4+ 55.Kg1 Qc1+ 1/2-1/2

[Event "15th EUR-ch (w)"]
[Site "Plovdiv BUL"]
[Date "2014.07.09"]
[Round "4.2"]
[White "Mkrtchian, Lilit"]
[Black "Stefanova, Antoaneta"]
[Result "1/2-1/2"]
[WhiteElo "2446"]
[BlackElo "2488"]
[EventDate "2014.07.06"]
[PlyCount "52"]

1.c4 e5 2.g3 Nf6 3.Bg2 d5 4.cxd5 Nxd5 5.Nc3 Nb6 6.Nf3 Nc6 7.O-O Be7 8.Rb1 
Be6 9.b4 e4 10.Nxe4 Bxa2 11.Ra1 Nxb4 12.Bb2 Bd5 13.Nd4 Qd7 14.Qb1 O-O 15.
Nf5 Qxf5 16.Nf6+ Bxf6 17.Qxf5 Bxb2 18.Rab1 Ba3 19.Rxb4 Bxg2 20.Rg4 Bxf1 
21.Rxg7+ Kxg7 22.Qg5+ Kh8 23.Qf6+ Kg8 24.Qg5+ Kh8 25.Qf6+ Kg8 26.Qg5+ Kh8 
1/2-1/2

[Event "15th EUR-ch (w)"]
[Site "Plovdiv BUL"]
[Date "2014.07.09"]
[Round "4.3"]
[White "Muzychuk, Maria"]
[Black "Kashlinskaya, Alina"]
[Result "1-0"]
[WhiteElo "2521"]
[BlackElo "2441"]
[EventDate "2014.07.06"]
[PlyCount "101"]

1.e4 e5 2.Nf3 Nc6 3.Bc4 Nf6 4.d3 Be7 5.O-O O-O 6.Re1 d6 7.a4 Na5 8.Ba2 c5 
9.c3 Nc6 10.Nbd2 Be6 11.Bxe6 fxe6 12.Nc4 Qd7 13.Bd2 Rac8 14.b4 cxb4 15.
cxb4 Nd4 16.Nxd4 exd4 17.Rc1 d5 18.exd5 exd5 19.Ne5 Rxc1 20.Bxc1 Qf5 21.
Qd2 Bd6 22.Nf3 Nh5 23.Qg5 Qxg5 24.Bxg5 Bxb4 25.Rb1 a5 26.Nxd4 Bc5 27.Be3 
Bxd4 28.Bxd4 Rf4 29.Bc5 Rxa4 30.g3 Nf6 31.Rxb7 Ra1+ 32.Kg2 a4 33.Kf3 Rc1 
34.Bd4 Rc2 35.Ra7 Ra2 36.h3 Ne8 37.Kf4 Ra3 38.Ke3 g6 39.Be5 h6 40.Kd4 Kf8 
41.f4 h5 42.g4 hxg4 43.hxg4 Rb3 44.Rxa4 Kf7 45.Ra7+ Ke6 46.Ra6+ Kf7 47.f5 
gxf5 48.gxf5 Rb7 49.Rh6 Rb3 50.Rh7+ Kg8 51.Rd7 1-0

[Event "15th EUR-ch (w)"]
[Site "Plovdiv BUL"]
[Date "2014.07.09"]
[Round "4.4"]
[White "Gunina, Valentina"]
[Black "Arabidze, Meri"]
[Result "1-0"]
[WhiteElo "2501"]
[BlackElo "2406"]
[EventDate "2014.07.06"]
[PlyCount "125"]

1.d4 f5 2.c4 Nf6 3.Nf3 e6 4.g3 d5 5.Bg2 c6 6.O-O Bd6 7.b3 Qe7 8.a4 a5 9.
Ba3 Bxa3 10.Nxa3 b6 11.Ne5 Bb7 12.Qd3 O-O 13.cxd5 cxd5 14.Rfc1 Ne4 15.e3 
Nd6 16.Nb5 Na6 17.Nxd6 Qxd6 18.Qb5 Nb4 19.Rc3 Rad8 20.Qe2 Rc8 21.Rac1 Rxc3
22.Rxc3 Rc8 23.Rxc8+ Bxc8 24.Qh5 Qe7 25.Bf1 Ba6 26.Bxa6 Nxa6 27.Qe2 Nc7 
28.Qc2 Qd6 29.h4 g6 30.Kg2 Kg7 31.Qc1 Kf6 32.h5 gxh5 33.Qh1 Kg7 34.Qh4 Ne8
35.Qg5+ Kf8 36.Qxh5 Qe7 37.Qh6+ Kg8 38.Nc6 Qd7 39.Qg5+ Kf8 40.Ne5 Qe7 41.
Qf4 Kg8 42.Nd3 Nd6 43.Qe5 Nf7 44.Qb8+ Qd8 45.Qb7 Qd6 46.Qc8+ Nd8 47.Ne5 
Kf8 48.Kf1 Ke7 49.g4 Kf6 50.gxf5 exf5 51.Nd3 Nc6 52.Nf4 Ne7 53.Qf8+ Kg5 
54.Qg7+ Ng6 55.Nh3+ Kg4 56.Qh6 Qh2 57.f3+ Kg3 58.Qg5+ Kxf3 59.Qxf5+ Kxe3 
60.Nf2 Kxd4 61.Qd3+ Kc5 62.Qc2+ Kd4 63.Qb2+ 1-0

[Event "15th EUR-ch (w)"]
[Site "Plovdiv BUL"]
[Date "2014.07.09"]
[Round "4.5"]
[White "Hoang Thanh Trang"]
[Black "Zawadzka, Jolanta"]
[Result "1/2-1/2"]
[WhiteElo "2490"]
[BlackElo "2397"]
[EventDate "2014.07.06"]
[PlyCount "66"]

1.d4 d5 2.Nf3 e6 3.Bf4 Nf6 4.Nbd2 Bd6 5.Bg3 c5 6.e3 Nc6 7.c3 O-O 8.Bd3 b6 
9.Ne5 Bb7 10.Nxc6 Bxc6 11.Bxd6 Qxd6 12.f4 cxd4 13.cxd4 Qb4 14.Qb3 Qa5 15.
Ke2 Rfc8 16.Rhc1 Ne4 17.Nf3 Bb7 18.Qb5 Rxc1 19.Rxc1 Qxa2 20.Rc7 Rd8 21.Ne5
Bc8 22.Nxf7 Bd7 23.Rxd7 Nc3+ 24.Kf3 Nxb5 25.Nxd8 Qb3 26.Nc6 g6 27.Rd8+ Kg7
28.Rd7+ Kf8 29.Rd8+ Kf7 30.Rd7+ Ke8 31.Rd8+ Kf7 32.Rd7+ Ke8 33.Rd8+ Kf7 
1/2-1/2

[Event "15th EUR-ch (w)"]
[Site "Plovdiv BUL"]
[Date "2014.07.09"]
[Round "4.6"]
[White "Batsiashvili, Nino"]
[Black "Javakhishvili, Lela"]
[Result "1/2-1/2"]
[WhiteElo "2417"]
[BlackElo "2474"]
[EventDate "2014.07.06"]
[PlyCount "81"]

1.d4 Nf6 2.c4 e6 3.Nc3 Bb4 4.Nf3 c5 5.g3 cxd4 6.Nxd4 O-O 7.Bg2 d5 8.cxd5 
Nxd5 9.Qb3 Qb6 10.Bxd5 exd5 11.Be3 Nc6 12.Nxc6 Qxc6 13.Bd4 Qc4 14.Qxc4 
dxc4 15.O-O-O Be6 16.Rd2 b5 17.a3 Ba5 18.e4 Rfd8 19.f4 f5 20.Re1 b4 21.
axb4 Bxb4 22.e5 a5 23.Red1 a4 24.Bb6 Rxd2 25.Kxd2 a3 26.bxa3 Rxa3 27.Rc1 
Bd5 28.Bd4 Be4 29.Ke2 Bd3+ 30.Ke3 Kf7 31.Nb5 Ra2 32.Nd6+ Bxd6 33.exd6 Ke6 
34.Be5 g5 35.h4 g4 36.Kd4 h5 37.Kc5 Ra5+ 38.Kb6 Ra2 39.Kc5 Ra5+ 40.Kb6 Ra2
41.Kc5 1/2-1/2

[Event "15th EUR-ch (w)"]
[Site "Plovdiv BUL"]
[Date "2014.07.09"]
[Round "4.7"]
[White "Socko, Monika"]
[Black "Schleining, Zoya"]
[Result "1/2-1/2"]
[WhiteElo "2462"]
[BlackElo "2376"]
[EventDate "2014.07.06"]
[PlyCount "81"]

1.d4 Nf6 2.c4 g6 3.Nc3 d5 4.Nf3 Bg7 5.Bg5 Ne4 6.cxd5 Nxg5 7.Nxg5 e6 8.Nf3 
exd5 9.e3 O-O 10.Be2 c6 11.O-O Be6 12.b4 Nd7 13.a4 a6 14.a5 Rc8 15.Na4 Qe7
16.Rb1 f5 17.Nc5 Nxc5 18.bxc5 Rce8 19.Bd3 Bc8 20.Re1 Qd8 21.Rb6 f4 22.e4 
dxe4 23.Bxe4 Kh8 24.Qd2 Re7 25.Rbb1 Bg4 26.d5 cxd5 27.Qxd5 Qxa5 28.Qg5 
Rxe4 29.Rxe4 Bf5 30.Qxf4 Bxe4 31.Qxe4 Qxc5 32.Qxb7 a5 33.h4 a4 34.Rb4 a3 
35.Ra4 a2 36.Rxa2 Qc1+ 37.Kh2 Qf4+ 38.Kh1 Qc1+ 39.Kh2 Qf4+ 40.Kh1 Qc1+ 41.
Kh2 1/2-1/2

[Event "15th EUR-ch (w)"]
[Site "Plovdiv BUL"]
[Date "2014.07.09"]
[Round "4.8"]
[White "Gaponenko, Inna"]
[Black "Khurtsidze, Nino"]
[Result "1/2-1/2"]
[WhiteElo "2380"]
[BlackElo "2460"]
[EventDate "2014.07.06"]
[PlyCount "81"]

1.e4 c5 2.Nf3 e6 3.c3 Nf6 4.e5 Nd5 5.d4 cxd4 6.cxd4 d6 7.Bc4 Nc6 8.O-O Be7
9.Bd2 O-O 10.Nc3 Nb6 11.Bb3 Na5 12.exd6 Bxd6 13.Bc2 Be7 14.Qe2 Nac4 15.Bf4
Bd7 16.d5 exd5 17.Nxd5 Nxd5 18.Qxc4 Nxf4 19.Qxf4 Rc8 20.Qe4 g6 21.Rad1 Bf6
22.Qxb7 Rc7 23.Qb3 Qb8 24.Qxb8 Rxb8 25.Bb3 Bb5 26.Rfe1 Bxb2 27.Ne5 Kg7 28.
h4 Re8 29.Nf3 Rxe1+ 30.Rxe1 Bf6 31.g3 h6 32.Nh2 Ba6 33.Ng4 Bd4 34.Ne3 Bb7 
35.Rd1 Bb2 36.Nc4 Bf6 37.Nd6 Kf8 38.Nxb7 Rxb7 39.Ba4 Kg7 40.Rd7 Rxd7 41.
Bxd7 1/2-1/2

[Event "15th EUR-ch (w)"]
[Site "Plovdiv BUL"]
[Date "2014.07.09"]
[Round "4.9"]
[White "Danielian, Elina"]
[Black "Foisor, Cristina"]
[Result "0-1"]
[WhiteElo "2458"]
[BlackElo "2383"]
[EventDate "2014.07.06"]
[PlyCount "108"]

1.d4 d6 2.Nf3 Bg4 3.c4 Bxf3 4.exf3 c6 5.Nc3 g6 6.Be3 Bg7 7.h4 h5 8.f4 Nh6 
9.Bd3 Qd7 10.Qb3 O-O 11.f5 Nxf5 12.Bxf5 Qxf5 13.Qxb7 Nd7 14.Qxc6 Nb6 15.b3
e5 16.dxe5 Bxe5 17.Rc1 Qd3 18.Ne2 Rfe8 19.Qf3 Bb2 20.Rd1 Bc3+ 21.Nxc3 
Qxc3+ 22.Kf1 Re6 23.Bd4 Qxf3 24.gxf3 Nc8 25.Kg2 Ne7 26.Rhe1 Nf5 27.Re4 Kf8
28.Bb2 Rae8 29.Ba3 Rxe4 30.fxe4 Rxe4 31.Bxd6+ Ke8 32.Bc5 a6 33.Bb6 Nxh4+ 
34.Kf1 Nf3 35.a4 g5 36.a5 h4 37.Kg2 g4 38.Be3 f5 39.c5 f4 40.c6 h3+ 41.Kf1
fxe3 42.fxe3 Re7 43.Kf2 Rc7 44.Kg3 h2 45.Rh1 Rh7 46.c7 Rxc7 47.Kxg4 Rf7 
48.Kg3 Kd7 49.e4 Ke6 50.b4 Ke5 51.b5 axb5 52.a6 Kxe4 53.Rb1 Rg7+ 54.Kf2 
Nd4 0-1

[Event "15th EUR-ch (w)"]
[Site "Plovdiv BUL"]
[Date "2014.07.09"]
[Round "4.10"]
[White "Charochkina, Daria"]
[Black "Pahtz, Elisabeth"]
[Result "1/2-1/2"]
[WhiteElo "2375"]
[BlackElo "2456"]
[EventDate "2014.07.06"]
[PlyCount "120"]

1.d4 Nf6 2.c4 g6 3.Nc3 Bg7 4.Bf4 O-O 5.Nf3 c5 6.d5 d6 7.e4 b5 8.cxb5 a6 9.
a4 Nbd7 10.Be2 axb5 11.axb5 Rxa1 12.Qxa1 Qc7 13.O-O Nb6 14.Rc1 Bg4 15.Qb1 
Bxf3 16.Bxf3 Nfd7 17.b4 c4 18.Qc2 Ra8 19.Be2 Qa7 20.Nd1 Qa3 21.Bxc4 Qxb4 
22.Bd2 Qa3 23.Bf1 Nc5 24.Be3 Rc8 25.Qb1 Bf6 26.Rc2 Ra8 27.Rc1 Ra4 28.f3 
Rb4 29.Qc2 Nba4 30.Bd2 Rd4 31.Rb1 Nb6 32.Nf2 Ra4 33.Bc1 Qa2 34.Qxa2 Rxa2 
35.Nd3 Bd4+ 36.Kh1 Nxd3 37.Bxd3 Kg7 38.h4 f6 39.Kh2 Be5+ 40.Kh3 Bd4 41.Kh2
Be5+ 42.Kh1 Bd4 43.Bf4 Ra3 44.Bf1 Na4 45.Bh2 Nc3 46.Rc1 Be3 47.Rc2 Ra1 48.
g4 Nxb5 49.Kg2 Nd4 50.Rb2 Kf7 51.Bg3 Ra3 52.Rb7 Ra2+ 53.Kh3 Nxf3 54.Bxd6 
Ra7 55.Rxa7 Bxa7 56.Bb4 Bb8 57.Bc4 Bd6 58.Bc3 g5 59.h5 h6 60.Kg2 Ne5 
1/2-1/2

[Event "15th EUR-ch (w)"]
[Site "Plovdiv BUL"]
[Date "2014.07.09"]
[Round "4.11"]
[White "Kosintseva, Tatiana"]
[Black "Szczepkowska-Horowska, Karina"]
[Result "1-0"]
[WhiteElo "2476"]
[BlackElo "2369"]
[EventDate "2014.07.06"]
[PlyCount "105"]

1.d4 d5 2.c4 e6 3.Nf3 Nf6 4.g3 c5 5.cxd5 exd5 6.Bg2 Nc6 7.O-O Be7 8.Be3 c4
9.Ne5 O-O 10.b3 cxb3 11.Qxb3 Qb6 12.Nc3 Qxb3 13.axb3 Be6 14.Nb5 Bd8 15.
Rfc1 Bb6 16.Nxc6 bxc6 17.Rxc6 Bd7 18.Rxf6 gxf6 19.Nc3 Be6 20.Nxd5 Bxd5 21.
Bxd5 Rad8 22.Bc4 Rfe8 23.d5 Bxe3 24.fxe3 Re7 25.Ra6 Kg7 26.Kf2 Rb8 27.e4 
Rb6 28.Ra5 Rxe4 29.Rxa7 Rd6 30.Rc7 Kf8 31.Kf3 Re8 32.e4 Re7 33.Rc8+ Re8 
34.Rc7 Re7 35.Rc5 Ra7 36.Rc8+ Kg7 37.Ke3 Rad7 38.Kd4 Rd8 39.Rc7 R8d7 40.
Rc5 Kf8 41.Bb5 Rd8 42.Bc6 Rb8 43.Kc4 h5 44.Ra5 Rdd8 45.b4 h4 46.Kc5 Kg7 
47.b5 h3 48.b6 f5 49.e5 Kg6 50.b7 Kg5 51.Ra8 f4 52.gxf4+ Kxf4 53.e6 1-0

[Event "15th EUR-ch (w)"]
[Site "Plovdiv BUL"]
[Date "2014.07.09"]
[Round "4.12"]
[White "Ambartsumova, Karina"]
[Black "Pogonina, Natalia"]
[Result "0-1"]
[WhiteElo "2301"]
[BlackElo "2508"]
[EventDate "2014.07.06"]
[PlyCount "164"]

1.c4 e6 2.Nc3 d5 3.d4 Nf6 4.cxd5 exd5 5.Bg5 c6 6.e3 Bf5 7.Qf3 Bg6 8.Bxf6 
Qxf6 9.Qxf6 gxf6 10.Nf3 Nd7 11.Nh4 Be7 12.f4 f5 13.Nf3 Nb6 14.Bd3 Nc8 15.
a3 a5 16.Na4 Nd6 17.Nb6 Ra7 18.O-O Bd8 19.Na4 Bh5 20.Nd2 Ke7 21.Kf2 Rg8 
22.Rfb1 Bc7 23.Rc1 Ne4+ 24.Nxe4 fxe4 25.Bf1 f6 26.Rc2 Rb8 27.Rcc1 Be8 28.
Be2 b6 29.Rd1 Bd7 30.Rac1 Rg8 31.Rd2 Raa8 32.Bd1 Kd6 33.Be2 Bd8 34.Bd1 Rg7
35.Be2 Bc7 36.Bf1 Bd8 37.Be2 Kc7 38.Bd1 Kb7 39.Be2 Be7 40.Bf1 Rd8 41.Be2 
c5 42.Nc3 Bc6 43.dxc5 bxc5 44.Bb5 Bxb5 45.Nxb5 f5 46.a4 Bf8 47.Rcd1 Rgd7 
48.h3 h5 49.g4 hxg4 50.hxg4 fxg4 51.Kg3 Bg7 52.Kxg4 Bh8 53.Kg3 d4 54.Kf2 
Kc6 55.b3 Bf6 56.exd4 cxd4 57.Rc2+ Kb7 58.Rc4 Rd5 59.Rh1 R8d7 60.Ke2 Bd8 
61.Kd2 Be7 62.Rh6 Bb4+ 63.Kd1 e3 64.Re6 Bc5 65.Re5 Bb6 66.Re4 d3 67.Nc3 
Rh5 68.Kc1 Rh1+ 69.Kb2 d2 70.b4 d1=Q 71.Nxd1 Rhxd1 72.bxa5 R1d2+ 73.Rc2 
Rxc2+ 74.Kxc2 Bc5 75.f5 Kc6 76.Re6+ Rd6 77.Re8 Rf6 78.a6 Rxf5 79.a5 Kb5 
80.Re6 Kxa5 81.Kd3 Kb5 82.Ke4 Rf7 0-1

[Event "15th EUR-ch (w)"]
[Site "Plovdiv BUL"]
[Date "2014.07.09"]
[Round "4.13"]
[White "Abdulla, Khayala"]
[Black "Girya, Olga"]
[Result "0-1"]
[WhiteElo "2233"]
[BlackElo "2493"]
[EventDate "2014.07.06"]
[PlyCount "204"]

1.e4 c6 2.d4 d5 3.Nc3 dxe4 4.Nxe4 Bf5 5.Ng3 Bg6 6.h4 h6 7.Nf3 Nd7 8.h5 Bh7
9.Bd3 Bxd3 10.Qxd3 e6 11.Bd2 Ngf6 12.O-O-O Be7 13.Ne4 Nxe4 14.Qxe4 Nf6 15.
Qd3 c5 16.Be3 Qa5 17.Kb1 Rd8 18.Qb3 O-O 19.g4 Nxg4 20.Rdg1 cxd4 21.Bxd4 
Qf5 22.Bxg7 Kxg7 23.Nh2 Rd4 24.f3 Kh7 25.Nxg4 Bg5 26.Rd1 Rfd8 27.Rxd4 Rxd4
28.Qxb7 Rf4 29.Ne3 Qf6 30.Ng4 Qf5 31.Ne3 Qf6 32.Ng4 Qd4 33.a3 Rf5 34.Re1 
Kg8 35.Ne5 Kg7 36.Ng4 Qb6 37.Qxb6 axb6 38.Ne5 Bf6 39.Rg1+ Kh7 40.Nxf7 Be7 
41.Nxh6 Kxh6 42.Rg6+ Kxh5 43.Rxe6 Bc5 44.b4 Bf2 45.a4 Kg5 46.Kb2 Rxf3 47.
a5 bxa5 48.bxa5 Bd4+ 49.Ka2 Kf5 50.Rc6 Ke4 51.a6 Kd5 52.Rc7 Rf6 53.c4+ Ke4
54.a7 Ra6+ 55.Kb3 Bxa7 56.Kb4 Bd4 57.Re7+ Kd3 58.Rc7 Rb6+ 59.Ka5 Rb8 60.
Ka6 Kc3 61.c5 Kc4 62.c6 Kc5 63.Ka7 Rb4 64.Rc8 Kd6+ 65.Ka8 Bb6 66.Rh8 Kxc6 
67.Rh6+ Kc7 68.Rh4 Rb5 69.Rh5 Bc5 70.Rh7+ Kc6 71.Rc7+ Kd5 72.Rd7+ Bd6 73.
Rh7 Kc6 74.Rb7 Re5 75.Rb6+ Kc7 76.Rb7+ Kc8 77.Rb8+ Kd7 78.Rb3 Re8+ 79.Ka7 
Kc6 80.Rb6+ Kd5 81.Rb5+ Bc5+ 82.Ka6 Re6+ 83.Kb7 Re7+ 84.Ka8 Ra7+ 85.Kb8 
Ra2 86.Kb7 Rf2 87.Rb3 Rf6 88.Rb5 Rf7+ 89.Ka8 Ra7+ 90.Kb8 Ra1 91.Kb7 Ra2 
92.Rb3 Ra7+ 93.Kb8 Kc6 94.Rb2 Ra3 95.Kc8 Rh3 96.Rd2 Rh7 97.Rd1 Rc7+ 98.Kd8
Ra7 99.Ke8 Re7+ 100.Kd8 Re4 101.Rc1 Re2 102.Kc8 Re8# 0-1

[Event "15th EUR-ch (w)"]
[Site "Plovdiv BUL"]
[Date "2014.07.09"]
[Round "4.15"]
[White "Ibrahimova, Sabina"]
[Black "Skripchenko, Almira"]
[Result "0-1"]
[WhiteElo "2218"]
[BlackElo "2449"]
[EventDate "2014.07.06"]
[PlyCount "138"]

1.e4 g6 2.d4 Bg7 3.Nc3 c6 4.Nf3 d5 5.h3 Nh6 6.e5 O-O 7.Be2 f6 8.O-O b6 9.
a4 a5 10.b3 Nf7 11.exf6 Bxf6 12.Nh2 c5 13.Nb5 cxd4 14.Nxd4 e5 15.Nb5 Bb7 
16.Ba3 Re8 17.Bb2 Nd7 18.Ng4 Bg7 19.f4 Rc8 20.Bf3 e4 21.Bxg7 Kxg7 22.Be2 
Qe7 23.f5 Qc5+ 24.Kh1 Nf8 25.fxg6 hxg6 26.Nd4 Nh7 27.Bb5 Re7 28.Bd7 Rd8 
29.Bb5 Nhg5 30.Qd2 Rh8 31.Qe3 Bc8 32.Rf4 Ne6 33.Nxe6+ Bxe6 34.Raf1 Bxg4 
35.Qxc5 bxc5 36.Rxg4 Rh5 37.Rgf4 Rhe5 38.Kh2 Nd6 39.Be2 Nf5 40.Bd1 d4 41.
Re1 Ne3 42.Rf2 Nd5 43.g3 Nc3 44.Rg2 Nd5 45.h4 Rf7 46.Kg1 Nc3 47.Be2 Ref5 
48.Bg4 R5f6 49.Be2 Rf8 50.Bc4 Rf3 51.Ba6 R8f7 52.Bc4 R7f6 53.Rf1 Rxf1+ 54.
Bxf1 Nd5 55.Bb5 Nb4 56.Re2 Re6 57.Bc4 Re7 58.Kg2 Kf6 59.g4 Ke5 60.Kg3 Rg7 
61.g5 e3 62.Kg4 Ke4 63.h5 gxh5+ 64.Kxh5 Kf5 65.Kh4 Rxg5 66.c3 dxc3 67.Rxe3
c2 68.Be6+ Kf4 69.Re1 Re5 0-1

[Event "15th EUR-ch (w)"]
[Site "Plovdiv BUL"]
[Date "2014.07.09"]
[Round "4.16"]
[White "Goriachkina, Alexandra"]
[Black "Ovod, Evgenia"]
[Result "1/2-1/2"]
[WhiteElo "2434"]
[BlackElo "2330"]
[EventDate "2014.07.06"]
[PlyCount "80"]

1.d4 f5 2.g3 Nf6 3.Bg2 g6 4.c4 Bg7 5.Nh3 d6 6.d5 Nbd7 7.Nf4 Nc5 8.h4 Nfe4 
9.h5 Kf7 10.Nd2 Nxd2 11.Qxd2 Bf6 12.Nh3 e5 13.Qh6 Bd7 14.Ng5+ Bxg5 15.Bxg5
Qf8 16.Qxf8+ Raxf8 17.b4 Ne4 18.Bxe4 fxe4 19.Rh4 Bf5 20.Kd2 gxh5 21.Bh6 
Rc8 22.Rxh5 Bg6 23.Rhh1 c6 24.Rac1 cxd5 25.cxd5 Ke7 26.Be3 a6 27.Bb6 Kd7 
28.a4 Rxc1 29.Rxc1 Rc8 30.Rxc8 Kxc8 31.Ke3 Bf5 32.a5 Kd7 33.Ba7 Kc7 34.
Bb6+ Kd7 35.Ba7 Kc7 36.Bb6+ Kd7 37.Ba7 Kc7 38.Bb6+ Kd7 39.Ba7 Kc7 40.Bb6+ 
Kd7 1/2-1/2

[Event "15th EUR-ch (w)"]
[Site "Plovdiv BUL"]
[Date "2014.07.09"]
[Round "4.17"]
[White "Isgandarova, Khayala"]
[Black "Bodnaruk, Anastasia"]
[Result "0-1"]
[WhiteElo "2184"]
[BlackElo "2429"]
[EventDate "2014.07.06"]
[PlyCount "102"]

1.e4 c5 2.Nf3 d6 3.d4 cxd4 4.Nxd4 Nf6 5.Nc3 Nc6 6.Be2 e5 7.Nb3 Be7 8.O-O 
O-O 9.Bg5 Be6 10.Bxf6 Bxf6 11.Nd5 Bg5 12.Bg4 Bh6 13.Bf5 g6 14.Qg4 Bxd5 15.
exd5 Ne7 16.Bd3 Nxd5 17.Qe4 Nf4 18.Qxb7 d5 19.g3 Nxd3 20.cxd3 Qd6 21.Qb5 
Rfb8 22.Qa5 Rb4 23.Rfe1 f6 24.Re2 a6 25.Rc2 Rb5 26.Qc3 a5 27.Nd2 a4 28.Nf1
Rb4 29.Rb1 Rab8 30.a3 Rb3 31.Qa5 Rxd3 32.Qxa4 Rdb3 33.Rc8+ Rxc8 34.Qxb3 
Kh8 35.Qb7 Rb8 36.Qf7 d4 37.b4 d3 38.Qc4 Rd8 39.Rd1 f5 40.a4 Qd4 41.Qa6 e4
42.b5 e3 43.fxe3 Bxe3+ 44.Nxe3 Qxe3+ 45.Kg2 Qe2+ 46.Kh3 Re8 47.Qf6+ Kg8 
48.Qh4 Qxd1 49.Qc4+ Kg7 50.Qd4+ Kh6 51.Qf4+ g5 0-1

[Event "15th EUR-ch (w)"]
[Site "Plovdiv BUL"]
[Date "2014.07.09"]
[Round "4.18"]
[White "Milliet, Sophie"]
[Black "Nikolova, Adriana"]
[Result "1/2-1/2"]
[WhiteElo "2406"]
[BlackElo "2303"]
[EventDate "2014.07.06"]
[PlyCount "81"]

1.e4 e5 2.Nf3 Nc6 3.Bc4 Bc5 4.d3 Nf6 5.O-O O-O 6.Nbd2 d6 7.Bb3 a6 8.c3 Ba7
9.h3 Na5 10.Bc2 c5 11.Re1 Nc6 12.Nf1 h6 13.Ng3 d5 14.Nh4 dxe4 15.dxe4 Qxd1
16.Rxd1 Be6 17.Be3 Rfd8 18.b3 c4 19.Nhf5 cxb3 20.axb3 Rxd1+ 21.Rxd1 Bxe3 
22.Nxe3 Rd8 23.Rxd8+ Nxd8 24.Kf1 g6 25.Ke2 Kf8 26.h4 Ke7 27.Ngf1 Nc6 28.
Nd2 b5 29.b4 a5 30.bxa5 Nxa5 31.Bd3 Bd7 32.Bb1 Bc6 33.f3 Kd6 34.Ba2 Be8 
35.Nd5 Nxd5 36.Bxd5 f5 37.g4 fxg4 38.fxg4 Bd7 39.g5 hxg5 40.hxg5 Be6 41.
Bxe6 1/2-1/2

[Event "15th EUR-ch (w)"]
[Site "Plovdiv BUL"]
[Date "2014.07.09"]
[Round "4.20"]
[White "Gvetadze, Sopio"]
[Black "Stiazhkina, Olga"]
[Result "1/2-1/2"]
[WhiteElo "2356"]
[BlackElo "2177"]
[EventDate "2014.07.06"]
[PlyCount "114"]

1.Nf3 d5 2.d3 Nf6 3.Nbd2 Nc6 4.e4 e5 5.c3 Bd6 6.Be2 Ne7 7.O-O c6 8.Qc2 O-O
9.Re1 Ng6 10.Bf1 Nh5 11.c4 d4 12.c5 Bc7 13.g3 h6 14.Qd1 Nf6 15.b4 a5 16.
Nc4 Be6 17.Nxa5 Bxa5 18.bxa5 Qxa5 19.a4 Nd7 20.Bd2 Qxc5 21.Rb1 Qa7 22.a5 
Rfb8 23.h4 b6 24.h5 Ne7 25.axb6 Rxb6 26.Rxb6 Qxb6 27.Nh2 Ra2 28.Bc1 Qb4 
29.Re2 Ra1 30.Qc2 c5 31.Bb2 Ra2 32.Qc1 Nb6 33.Rc2 Na4 34.Ba1 Rxc2 35.Qxc2 
Nc6 36.Qc1 Na5 37.Be2 Nb3 38.Qb1 Qa3 39.Bd1 Nxa1 40.Qb8+ Kh7 41.Bg4 Qb3 
42.Qa7 Bxg4 43.Nxg4 Qd1+ 44.Kg2 Qxg4 45.Qxa4 Qxh5 46.Qxa1 Qe2 47.Qa6 Qc2 
48.Qc8 g6 49.Qf8 Qb3 50.Qxc5 Qxd3 51.Qd5 Kg8 52.Qxe5 Qc4 53.Qe8+ Kh7 54.
Qd7 Kg7 55.e5 d3 56.e6 Qe4+ 57.Kg1 Qe1+ 1/2-1/2